[Event "28th Rilton Cup"]
[Site "Stockholm SWE"]
[Date "1998.12.28"]
[Round "1"]
[White "Koskela, Niina"]
[Black "Khenkin, Igor"]
[Result "0-1"]
[WhiteElo "2205"]
[BlackElo "2600"]
[EventDate "1998.12.28"]
[PlyCount "86"]

1.e4 c6 2.d3 d5 3.Nd2 g6 4.Ngf3 Bg7 5.g3 e5 6.Bg2 Ne7 7.O-O O-O 8.Re1 d4 
9.Nf1 c5 10.h4 h5 11.c3 Nbc6 12.Qc2 Be6 13.Ng5 Bd7 14.Nd2 Qc7 15.Ndf3 Nc8 
16.Bd2 dxc3 17.bxc3 c4 18.Be3 f6 19.Nh3 cxd3 20.Qxd3 Be6 21.c4 Rd8 22.Qc3 
Nd6 23.Nd2 Na5 24.c5 Ndc4 25.Nb3 Bf8 26.Nxa5 Qxa5 27.Qxa5 Nxa5 28.Bf1 Nc4 
29.Bxc4 Bxc4 30.Rec1 Be6 31.Kg2 Rac8 32.a4 Rc6 33.a5 Rdc8 34.a6 Rxa6 35.
Rxa6 bxa6 36.Ng1 a5 37.Nf3 a4 38.Ne1 a3 39.Rc3 a2 40.Nc2 Rb8 41.c6 Rb2 42.
Na1 Rb1 43.Rc1 Ba3 0-1

[Event "28th Rilton Cup"]
[Site "Stockholm SWE"]
[Date "1998.12.28"]
[Round "1"]
[White "Loegdahl, Harald"]
[Black "Markovic, Miroslav"]
[Result "0-1"]
[WhiteElo "2205"]
[BlackElo "2575"]
[EventDate "1998.12.28"]
[PlyCount "92"]

1.e4 c5 2.c3 d6 3.d4 Nf6 4.Bc4 Qc7 5.dxc5 dxc5 6.Bg5 Qe5 7.Bxf6 Qxe4+ 8.
Be2 gxf6 9.Nf3 Rg8 10.Nbd2 Qd5 11.Bc4 Qh5 12.Nf1 Rxg2 13.Ne3 Rg4 14.Nxg4 
Bxg4 15.Be2 Nc6 16.Nd2 Qe5 17.Rg1 h5 18.Rg3 O-O-O 19.h3 Bf5 20.Qa4 Bh6 21.
Nf1 Bf4 22.Rf3 Be4 23.Rxf4 Qxf4 24.Ne3 f5 25.Qc4 e6 26.Qxc5 Bf3 27.Rd1 Rg8
28.Rd4 Qe5 29.Qxe5 Nxe5 30.Nc4 f6 31.Nxe5 fxe5 32.Rc4+ Bc6 33.Bxh5 Kd7 34.
Be2 Rg1+ 35.Kd2 e4 36.h4 e5 37.h5 f4 38.Rc5 Kd6 39.Ra5 a6 40.b4 e3+ 41.
fxe3 f3 42.Bxf3 Bxf3 43.b5 axb5 44.Rxb5 Rg2+ 45.Kc1 Rxa2 46.Rb6+ Bc6 0-1

[Event "28th Rilton Cup"]
[Site "Stockholm SWE"]
[Date "1998.12.28"]
[Round "1"]
[White "Karlsson, Tomas"]
[Black "Gleizerov, Evgeny"]
[Result "0-1"]
[WhiteElo "2190"]
[BlackElo "2535"]
[EventDate "1998.12.28"]
[PlyCount "56"]

1.e4 e6 2.d4 d5 3.Nc3 Nf6 4.Bg5 Be7 5.e5 Nfd7 6.Bxe7 Qxe7 7.f4 O-O 8.Nf3 
c5 9.Qd2 Nc6 10.dxc5 Nxc5 11.O-O-O f5 12.exf6 Qxf6 13.g3 Rd8 14.Bd3 Bd7 
15.Kb1 Be8 16.Qf2 Nxd3 17.cxd3 e5 18.Qd2 Bh5 19.Rdf1 e4 20.Ng5 h6 21.Nh3 
e3 22.Qg2 Qf5 23.Ka1 Bg4 24.Ng1 Qxd3 25.h3 d4 26.hxg4 dxc3 27.bxc3 Qxc3+ 
28.Qb2 e2 0-1

[Event "28th Rilton Cup"]
[Site "Stockholm SWE"]
[Date "1998.12.28"]
[Round "1"]
[White "Stefansson, Hannes Hlifar"]
[Black "Norqvist, Joergen"]
[Result "1-0"]
[WhiteElo "2535"]
[BlackElo "2190"]
[EventDate "1998.12.28"]
[PlyCount "53"]

1.e4 e5 2.Nf3 Nc6 3.Bb5 a6 4.Ba4 Nf6 5.O-O Be7 6.Re1 b5 7.Bb3 O-O 8.a4 Bb7
9.d3 b4 10.a5 d6 11.Nbd2 Nb8 12.c3 bxc3 13.bxc3 c5 14.Nc4 Nc6 15.Nh4 d5 
16.exd5 Nxd5 17.Nf5 Nxc3 18.Qg4 g6 19.Nb6 Bc8 20.Nh6+ Kg7 21.Qc4 Nxa5 22.
Rxa5 Qxb6 23.Nxf7 Qxa5 24.Bh6+ Kg8 25.Ng5+ Kh8 26.Qg8+ Rxg8 27.Nf7# 1-0

[Event "28th Rilton Cup"]
[Site "Stockholm SWE"]
[Date "1998.12.28"]
[Round "1"]
[White "Packalen, Marcus"]
[Black "Schandorff, Lars"]
[Result "0-1"]
[WhiteElo "2190"]
[BlackElo "2535"]
[EventDate "1998.12.28"]
[PlyCount "54"]

1.e4 c5 2.Nf3 Nc6 3.d4 cxd4 4.Nxd4 Nf6 5.Nc3 e5 6.Ndb5 d6 7.Nd5 Nxd5 8.
exd5 Nb8 9.c3 a6 10.Na3 Nd7 11.Be2 Be7 12.O-O O-O 13.Kh1 f5 14.f4 Qc7 15.
Be3 exf4 16.Bxf4 g5 17.Be3 Ne5 18.Nc2 Bf6 19.g3 Qf7 20.c4 Ng6 21.Nd4 f4 
22.gxf4 gxf4 23.Bxf4 Bh3 24.Rf2 Be5 25.Bg3 Qxf2 26.Bxf2 Rxf2 27.Nf3 Nf4 
0-1

[Event "28th Rilton Cup"]
[Site "Stockholm SWE"]
[Date "1998.12.28"]
[Round "1"]
[White "Hall, Jesper"]
[Black "Stasiunaite, Lina"]
[Result "1/2-1/2"]
[WhiteElo "2485"]
[BlackElo "2145"]
[EventDate "1998.12.28"]
[PlyCount "83"]

1.e4 c5 2.Nf3 Nc6 3.d4 cxd4 4.Nxd4 Nf6 5.Nc3 e5 6.Ndb5 d6 7.Bg5 a6 8.Na3 
b5 9.Bxf6 gxf6 10.Nd5 f5 11.Bd3 Be6 12.O-O Bg7 13.Qh5 f4 14.c4 bxc4 15.
Bxc4 O-O 16.Rac1 Kh8 17.Rfd1 Nd4 18.Nc2 Nxc2 19.Rxc2 Rc8 20.Rdc1 a5 21.b3 
Qe8 22.Nb6 Rb8 23.Bxe6 Qxe6 24.Rc6 f5 25.exf5 Rxf5 26.Qh3 Rg8 27.Nc4 Bf8 
28.Nxd6 Bxd6 29.Rxd6 Rxg2+ 30.Qxg2 Qxd6 31.Rc8+ Rf8 32.Rxf8+ Qxf8 33.Qe4 
Qc5 34.Kg2 Kg7 35.h3 h6 36.a3 Kf6 37.b4 axb4 38.axb4 Qb5 39.h4 h5 40.Qf3 
Qxb4 41.Qxh5 Qe4+ 42.Kh2 1/2-1/2

[Event "28th Rilton Cup"]
[Site "Stockholm SWE"]
[Date "1998.12.28"]
[Round "1"]
[White "Evertsson, Lennart"]
[Black "Wedberg, Tom"]
[Result "0-1"]
[WhiteElo "2130"]
[BlackElo "2475"]
[EventDate "1998.12.28"]
[PlyCount "50"]

1.Nf3 c5 2.c4 Nc6 3.d4 cxd4 4.Nxd4 e6 5.Nc3 Bb4 6.Nb5 a6 7.Nd6+ Ke7 8.Bg5+
Nf6 9.c5 Bxc5 10.Bf4 Qb6 11.Qd2 Bxf2+ 12.Kd1 Qd4 13.e3 Qxd2+ 14.Kxd2 Nh5 
15.Bg5+ f6 16.Nxc8+ Raxc8 17.Be2 fxg5 18.Bxh5 g4 19.Bxg4 Bh4 20.Ne4 Ne5 
21.Be2 d5 22.Nc3 Rhd8 23.Nd1 d4 24.exd4 Bg5+ 25.Ke1 Rxd4 0-1

[Event "28th Rilton Cup"]
[Site "Stockholm SWE"]
[Date "1998.12.28"]
[Round "1"]
[White "Jensen, Leif Haugaard"]
[Black "Ornstein, Axel"]
[Result "0-1"]
[WhiteElo "2105"]
[BlackElo "2425"]
[EventDate "1998.12.28"]
[PlyCount "118"]

1.e4 c5 2.g3 g6 3.Bg2 Bg7 4.c3 Nc6 5.d3 d6 6.Be3 e5 7.f4 Nge7 8.Nf3 exf4 
9.Bxf4 d5 10.O-O dxe4 11.dxe4 Qxd1 12.Rxd1 O-O 13.Na3 Bg4 14.h3 Bxf3 15.
Bxf3 Rfd8 16.Kf2 Ne5 17.Bxe5 Bxe5 18.Rxd8+ Rxd8 19.Rd1 Rxd1 20.Bxd1 Kf8 
21.Nc4 f6 22.Ne3 Nc8 23.Be2 Nd6 24.Kf3 Ke7 25.Nc4 Nf7 26.h4 Kd7 27.g4 b5 
28.Nxe5+ Nxe5+ 29.Kf4 c4 30.b3 h6 31.bxc4 bxc4 32.g5 hxg5+ 33.hxg5 Ke6 34.
gxf6 Kxf6 35.Bf1 g5+ 36.Ke3 a5 37.Kd4 g4 38.Be2 g3 39.Bf1 Nf3+ 40.Ke3 Nh2 
41.Bxc4 Ng4+ 42.Kf3 Ne5+ 43.Kxg3 Nxc4 44.Kf4 Ke6 45.e5 Nxe5 46.Ke4 Nc6 47.
Kd3 Kd5 48.Kc2 Kc4 49.Kb2 Nd8 50.Kc2 Nb7 51.Kb2 Nd6 52.Kc2 Nb5 53.Kb2 a4 
54.Kc2 Nxc3 55.Kb2 Nb5 56.Kc2 Kd4 57.Kb2 Kd3 58.Kb1 Kc3 59.Ka1 Kc2 0-1

[Event "28th Rilton Cup"]
[Site "Stockholm SWE"]
[Date "1998.12.28"]
[Round "1"]
[White "Bergqvist, Mats"]
[Black "Lyrberg, Patrik"]
[Result "0-1"]
[WhiteElo "2090"]
[BlackElo "2415"]
[EventDate "1998.12.28"]
[PlyCount "82"]

1.e4 e6 2.d3 d5 3.Nd2 b6 4.Ngf3 Bb7 5.Be2 Nd7 6.c3 dxe4 7.Nxe4 Ngf6 8.
Nxf6+ Qxf6 9.Qa4 Bd6 10.Be3 a6 11.Qh4 Qxh4 12.Nxh4 h6 13.Bf3 c6 14.Be2 g5 
15.Nf3 f5 16.O-O-O f4 17.Bd2 Ke7 18.d4 b5 19.h4 c5 20.hxg5 hxg5 21.Nxg5 
Bxg2 22.Rxh8 Rxh8 23.f3 cxd4 24.cxd4 Nf6 25.Rg1 Rh2 26.a4 bxa4 27.Bxa6 Nd5
28.Bc8 Ne3 29.Ne4 Bxf3 30.Nxd6 Kxd6 31.Bb4+ Kd5 32.Bd2 Be4 33.Bb7+ Kxd4 
34.Bc3+ Kd3 35.Ba6+ Nc4 36.Rd1+ Ke3 37.Bd4+ Kf3 38.Rf1+ Kg4 39.Rg1+ Kf5 
40.Bxc4 Rc2+ 41.Kd1 Rxc4 0-1

[Event "28th Rilton Cup"]
[Site "Stockholm SWE"]
[Date "1998.12.28"]
[Round "1"]
[White "Hillarp Persson, Tiger"]
[Black "Berg, Susanne"]
[Result "1-0"]
[WhiteElo "2410"]
[BlackElo "2080"]
[EventDate "1998.12.28"]
[PlyCount "71"]

1.d4 d5 2.c4 e6 3.Nf3 c5 4.cxd5 exd5 5.g3 Nc6 6.Bg2 Nf6 7.O-O Be7 8.Nc3 
O-O 9.dxc5 Bxc5 10.Bg5 Be6 11.Bxf6 Qxf6 12.Nxd5 Qxb2 13.Nc7 Rad8 14.Qc1 
Qxc1 15.Raxc1 Bb6 16.Nxe6 fxe6 17.Rc4 Rd5 18.Re4 e5 19.e3 Ra5 20.a4 Rd8 
21.Rb1 Rd3 22.Bf1 Rc3 23.Rd1 Bc7 24.Rd7 Bd8 25.Bc4+ Kf8 26.Rf7+ Ke8 27.
Rxb7 Bf6 28.Bb5 Kd8 29.g4 h6 30.h4 a6 31.Bxc6 Rxc6 32.g5 hxg5 33.hxg5 Be7 
34.Nxe5 Rc1+ 35.Kg2 Bxg5 36.Nf7+ 1-0

[Event "28th Rilton Cup"]
[Site "Stockholm SWE"]
[Date "1998.12.28"]
[Round "1"]
[White "Landgren, Andreas"]
[Black "Meijers, Viesturs"]
[Result "0-1"]
[WhiteElo "2070"]
[BlackElo "2410"]
[EventDate "1998.12.28"]
[PlyCount "71"]

1.d4 d5 2.c4 e6 3.Nc3 Nf6 4.cxd5 exd5 5.Bg5 Be7 6.e3 O-O 7.Bd3 Nbd7 8.Qc2 
b6 9.Nge2 c5 10.dxc5 bxc5 11.O-O Bb7 12.Rfd1 h6 13.Bh4 Qb6 14.Bf5 Rfd8 15.
Rd2 Ne5 16.b3 Qc6 17.Bxf6 Qxf6 18.Rad1 g6 19.Bh3 d4 20.exd4 cxd4 21.Rxd4 
Rxd4 22.Rxd4 Re8 23.Ne4 Qb6 24.Qd2 Nc6 25.Rd3 Bh4 26.N2g3 Nb4 27.Rd6 Qa5 
28.Rd4 Qxa2 29.Qxa2 Nxa2 30.f3 Bd8 31.Ra4 Nc1 32.Kf1 a5 33.b4 Ba6+ 34.Ke1 
f5 35.Kd1 Nd3 36.Nc5 0-1

[Event "28th Rilton Cup"]
[Site "Stockholm SWE"]
[Date "1998.12.28"]
[Round "1"]
[White "Sammalvuo, Tapani"]
[Black "Jiretorn, Eva"]
[Result "1/2-1/2"]
[WhiteElo "2410"]
[BlackElo "2065"]
[EventDate "1998.12.28"]
[PlyCount "114"]

1.d4 Nf6 2.c4 g6 3.Nc3 Bg7 4.e4 d6 5.f3 O-O 6.Be3 Nbd7 7.Bd3 c5 8.Nge2 a6 
9.O-O cxd4 10.Nxd4 Ne5 11.Be2 Bd7 12.Qd2 Rc8 13.b3 Re8 14.Rac1 Qa5 15.Rfd1
Nc6 16.Nxc6 bxc6 17.c5 dxc5 18.e5 Nd5 19.Nxd5 Qxd2 20.Rxd2 cxd5 21.Rxd5 
Bb5 22.Bxb5 axb5 23.Rcxc5 Ra8 24.Rc2 Reb8 25.f4 f6 26.e6 f5 27.Rd7 Bf6 28.
Bc5 Kf8 29.h3 Ra6 30.Re2 h5 31.Ra7 Rxa7 32.Bxa7 Rd8 33.Kf2 Bd4+ 34.Bxd4 
Rxd4 35.g3 b4 36.Ke3 Rd6 37.Rc2 Rxe6+ 38.Kd4 Ke8 39.Kc5 Re4 40.Rd2 e5 41.
fxe5 Ke7 42.Rd4 Rxd4 43.Kxd4 h4 44.gxh4 Ke6 45.Kc5 Kxe5 46.Kxb4 Kd4 47.a4 
f4 48.a5 f3 49.a6 f2 50.a7 f1=Q 51.a8=Q Qe1+ 52.Kb5 Qe2+ 53.Kb6 Qe6+ 54.
Ka5 Qxb3 55.Qd8+ Qd5+ 56.Qxd5+ Kxd5 57.Kb5 Ke5 1/2-1/2

[Event "28th Rilton Cup"]
[Site "Stockholm SWE"]
[Date "1998.12.28"]
[Round "1"]
[White "Holmsten, Aleksei"]
[Black "Hansen, Torbjoern Ringdal"]
[Result "1-0"]
[WhiteElo "2400"]
[BlackElo "2060"]
[EventDate "1998.12.28"]
[PlyCount "47"]

1.e4 c6 2.d4 d5 3.e5 Bf5 4.Nc3 e6 5.g4 Bg6 6.Nge2 c5 7.h4 h5 8.Nf4 Bh7 9.
Nxh5 cxd4 10.Qxd4 Nc6 11.Bb5 Ne7 12.Bg5 a6 13.Bxc6+ Nxc6 14.Qf4 Qc7 15.O-O
Bg6 16.Rfe1 Bxh5 17.gxh5 Rxh5 18.Ne2 Be7 19.Ng3 Rh8 20.c4 d4 21.Ne4 Nxe5 
22.Bxe7 Kxe7 23.Rad1 Rxh4 24.Qxh4+ 1-0

[Event "28th Rilton Cup"]
[Site "Stockholm SWE"]
[Date "1998.12.28"]
[Round "1"]
[White "Trygstad, Kristian"]
[Black "Tella, Jussi"]
[Result "1/2-1/2"]
[WhiteElo "2255"]
[BlackElo "2395"]
[EventDate "1998.12.28"]
[PlyCount "49"]

1.e4 c5 2.Nf3 d6 3.Nc3 Nc6 4.d4 cxd4 5.Nxd4 Nf6 6.Bc4 Qb6 7.Nxc6 bxc6 8.
O-O e6 9.Qe2 Be7 10.b3 O-O 11.Bb2 e5 12.Na4 Qc7 13.f4 exf4 14.e5 Bg4 15.
Qe1 Nh5 16.h3 Bd7 17.exd6 Bxd6 18.Qh4 Ng3 19.Qg5 Nf5 20.g4 Be7 21.Qxf4 Bd6
22.Qd2 Bb4 23.Qf2 Nh6 24.Bxg7 Kxg7 25.Qf6+ 1/2-1/2

[Event "28th Rilton Cup"]
[Site "Stockholm SWE"]
[Date "1998.12.28"]
[Round "1"]
[White "Sjoeberg, Mats"]
[Black "Marder, Simon"]
[Result "1-0"]
[WhiteElo "2385"]
[BlackElo "2055"]
[EventDate "1998.12.28"]
[PlyCount "65"]

1.Nf3 Nc6 2.d4 d5 3.g3 Bf5 4.Bg2 Qd7 5.O-O Bh3 6.Ne5 Nxe5 7.Bxh3 Qxh3 8.
dxe5 O-O-O 9.Qd4 b6 10.a4 e6 11.a5 Bc5 12.Qd3 Ne7 13.b4 Bxb4 14.axb6 axb6 
15.Bg5 Kd7 16.Qb5+ Nc6 17.Bxd8 Rxd8 18.Ra4 Bc5 19.Nd2 Qf5 20.Nb3 Qxe5 21.
Nxc5+ bxc5 22.Ra6 Qd6 23.Rb1 c4 24.Qb7 h5 25.Rbb6 Rb8 26.Qxc6+ Qxc6 27.
Rxc6 Rb1+ 28.Kg2 Rc1 29.Rc5 Rxc2 30.Rac6 Rxe2 31.Rxc7+ Kd6 32.R5c6+ Ke5 
33.Rxf7 1-0

[Event "28th Rilton Cup"]
[Site "Stockholm SWE"]
[Date "1998.12.28"]
[Round "1"]
[White "Bodin, Stefan"]
[Black "Engqvist, Thomas"]
[Result "0-1"]
[WhiteElo "2030"]
[BlackElo "2330"]
[EventDate "1998.12.28"]
[PlyCount "60"]

1.b3 e5 2.Bb2 Nc6 3.Nf3 e4 4.Nd4 Nf6 5.e3 Nxd4 6.Bxd4 d5 7.c4 dxc4 8.Bxc4 
Bf5 9.Qc2 Bd6 10.f4 c6 11.Nc3 Qe7 12.Ne2 h5 13.Bb2 O-O-O 14.Nd4 Bd7 15.
O-O-O Kb8 16.Kb1 h4 17.d3 exd3 18.Bxd3 Qxe3 19.Rhf1 Rhe8 20.Rf3 Qe7 21.Bf5
Nd5 22.Bxd7 Qxd7 23.Nf5 Nb4 24.Rxd6 Re1+ 25.Bc1 Nxc2 26.Rxd7 Na3+ 27.Kb2 
Rxd7 28.Be3 Nb5 29.Nxg7 Re2+ 30.Kc1 Na3 0-1

[Event "28th Rilton Cup"]
[Site "Stockholm SWE"]
[Date "1998.12.29"]
[Round "2.2"]
[White "Meijers, Viesturs"]
[Black "Kharitonov, Andrei"]
[Result "1/2-1/2"]
[WhiteElo "2410"]
[BlackElo "2570"]
[EventDate "1998.12.28"]
[PlyCount "89"]

1.e4 e5 2.Nf3 Nc6 3.Bb5 a6 4.Bxc6 dxc6 5.O-O f6 6.d4 exd4 7.Nxd4 c5 8.Nb3 
Qxd1 9.Rxd1 Be6 10.Bf4 c4 11.Nd4 O-O-O 12.Nc3 Bf7 13.Nd5 Bc5 14.c3 Re8 15.
Nf5 g6 16.Ng3 c6 17.Be3 Bxe3 18.Nxe3 Nh6 19.Rd4 Rd8 20.Rad1 Rxd4 21.Rxd4 
Kc7 22.f4 b5 23.h3 Re8 24.Kf2 Ng8 25.Kf3 h5 26.Ne2 Ne7 27.g4 Rh8 28.g5 
fxg5 29.fxg5 c5 30.Rd2 Rd8 31.Rxd8 Kxd8 32.Kf4 Nc6 33.Ng1 Kd7 34.Nf3 Kd6 
35.e5+ Ke6 36.Ke4 Ne7 37.Ng2 Nd5 38.Nf4+ Nxf4 39.Kxf4 Kd5 40.Nh4 Be8 41.
Ng2 Bc6 42.Ne3+ Ke6 43.h4 Bd5 44.a3 Bc6 45.Nd1 1/2-1/2

[Event "28th Rilton Cup"]
[Site "Stockholm SWE"]
[Date "1998.12.29"]
[Round "2.3"]
[White "Markovic, Miroslav"]
[Black "Holmsten, Aleksei"]
[Result "0-1"]
[WhiteElo "2575"]
[BlackElo "2400"]
[EventDate "1998.12.28"]
[PlyCount "90"]

1.e4 c5 2.Nf3 Nc6 3.c3 d5 4.exd5 Qxd5 5.d4 Bg4 6.Be2 cxd4 7.cxd4 e6 8.Nc3 
Qd7 9.O-O Nf6 10.Be3 Be7 11.h3 Bxf3 12.Bxf3 Nb4 13.Qb3 O-O 14.Rad1 Nbd5 
15.Bg5 Rfd8 16.Rfe1 h6 17.Bh4 Rac8 18.Re5 b6 19.Ree1 Kf8 20.Bg3 b5 21.Be5 
Nxc3 22.bxc3 Nd5 23.Rc1 a6 24.Qb1 Kg8 25.Qd3 Rc4 26.Be2 f6 27.Bg3 Rdc8 28.
Qg6 Rxc3 29.Rxc3 Rxc3 30.Bh5 Bf8 31.Bf3 b4 32.Bh4 Qf7 33.Qe4 f5 34.Qe2 g5 
35.Bh5 Qf6 36.Qxa6 Nf4 37.Bg3 Nxh5 38.Be5 Qf7 39.d5 exd5 40.Bxc3 bxc3 41.
a4 d4 42.Qc6 Nf4 43.Re5 d3 44.Qc8 d2 45.Qd8 Qb7 0-1

[Event "28th Rilton Cup"]
[Site "Stockholm SWE"]
[Date "1998.12.29"]
[Round "2.8"]
[White "Schandorff, Lars"]
[Black "Elsness, Frode"]
[Result "1/2-1/2"]
[WhiteElo "2535"]
[BlackElo "2350"]
[EventDate "1998.12.28"]
[PlyCount "58"]

1.Nf3 Nf6 2.c4 g6 3.Nc3 d5 4.Qa4+ c6 5.cxd5 Nxd5 6.g3 Bg7 7.Bg2 O-O 8.O-O 
e5 9.d3 Nb6 10.Qc2 Bf5 11.Ne4 Na6 12.Bg5 Qc7 13.a3 h6 14.Be3 Nd5 15.Bc5 
Nxc5 16.Nxc5 Bc8 17.e4 Ne7 18.b4 b6 19.Nb3 Ba6 20.Rfd1 Rad8 21.d4 exd4 22.
Nbxd4 c5 23.Rac1 Nc6 24.Nxc6 Qxc6 25.bxc5 Qxc5 26.Qxc5 bxc5 27.Rd5 Bb7 28.
Rdxc5 Bxe4 29.Ne5 Bxg2 1/2-1/2

[Event "28th Rilton Cup"]
[Site "Stockholm SWE"]
[Date "1998.12.29"]
[Round "2.10"]
[White "Engqvist, Thomas"]
[Black "Aakesson, Ralf"]
[Result "0-1"]
[WhiteElo "2330"]
[BlackElo "2510"]
[EventDate "1998.12.28"]
[PlyCount "79"]

1.d4 Nf6 2.Nf3 g6 3.Bg5 Bg7 4.Nbd2 O-O 5.c3 d5 6.e3 Nbd7 7.Bd3 Re8 8.O-O 
e5 9.dxe5 Nxe5 10.Nxe5 Rxe5 11.Bh4 c6 12.Qc2 Bf5 13.Bxf5 Rxf5 14.e4 Rh5 
15.Bxf6 Qxf6 16.exd5 Rxd5 17.Nc4 Qh4 18.Qe2 Rh5 19.h3 Rg5 20.Kh1 Rc5 21.
Ne3 Re8 22.Rad1 Rce5 23.Rd7 R5e7 24.Rfd1 h5 25.Kg1 Qe4 26.Qc4 Rxd7 27.Rxd7
Qxc4 28.Nxc4 Re1+ 29.Kh2 b5 30.Na5 Be5+ 31.g3 Re2 32.Kg2 Rxb2 33.Nxc6 Bxc3
34.Nxa7 Be1 35.Re7 Rxf2+ 36.Kg1 Rxa2 37.Nc6 Bxg3 38.Nd8 Bh4 39.Re8+ Kg7 
40.Nc6 0-1

[Event "28th Rilton Cup"]
[Site "Stockholm SWE"]
[Date "1998.12.29"]
[Round "2.11"]
[White "Cramling, Pia"]
[Black "Nouro, Mikael"]
[Result "1-0"]
[WhiteElo "2505"]
[BlackElo "2335"]
[EventDate "1998.12.28"]
[PlyCount "149"]

1.d4 Nf6 2.c4 d6 3.Nf3 g6 4.Nc3 Bg7 5.e4 O-O 6.h3 c6 7.Be3 a6 8.a3 b5 9.
Be2 bxc4 10.Bxc4 d5 11.Bd3 dxe4 12.Nxe4 Nbd7 13.O-O Rb8 14.Qe2 Nd5 15.Rac1
Qb6 16.Rc2 e5 17.dxe5 Nxe3 18.fxe3 Nxe5 19.Nxe5 Bxe5 20.Nf6+ Kg7 21.Nxh7 
Re8 22.Ng5 f6 23.Ne4 f5 24.Nd2 Bd4 25.Nc4 Bxe3+ 26.Kh1 Qd4 27.Rf3 f4 28.
Nxe3 Rxe3 29.Rxe3 fxe3 30.Rc4 Qxb2 31.Qxe3 Qa1+ 32.Rc1 Qf6 33.Rf1 Qd6 34.
Be4 Qe5 35.Qf3 Be6 36.Bxc6 Bf5 37.Qf4 Qxf4 38.Rxf4 Rb1+ 39.Kh2 Rc1 40.Bf3 
Ra1 41.Ra4 Bd3 42.Bb7 Bb5 43.Ra5 Ra2 44.Bxa6 Bc6 45.Bf1 Ra1 46.Bc4 Be4 47.
h4 Kh6 48.Ra7 Rc1 49.Be6 g5 50.Ra6 Kg7 51.hxg5 Rc5 52.Ra4 Re5 53.Bb3 Rb5 
54.Rxe4 Rxb3 55.a4 Ra3 56.g3 Kg6 57.Rg4 Rb3 58.Kh3 Rb1 59.Rc4 Kxg5 60.Rc5+
Kg6 61.a5 Rb4 62.g4 Rb1 63.Kh4 Rh1+ 64.Kg3 Ra1 65.g5 Ra4 66.Kf3 Kf7 67.Rb5
Ke6 68.g6 Kf6 69.Rb6+ Kg7 70.a6 Kg8 71.Ke3 Kg7 72.Kd3 Kg8 73.Kc3 Kg7 74.
Kb3 Ra1 75.Kb4 1-0

[Event "28th Rilton Cup"]
[Site "Stockholm SWE"]
[Date "1998.12.29"]
[Round "2.14"]
[White "Bezold, Michael"]
[Black "Andersson, Mats"]
[Result "1/2-1/2"]
[WhiteElo "2490"]
[BlackElo "2320"]
[EventDate "1998.12.28"]
[PlyCount "78"]

1.d4 d5 2.Bg5 c6 3.e3 Qb6 4.b3 Bf5 5.Nf3 h6 6.Bh4 Nd7 7.Bd3 Bxd3 8.Qxd3 
Ngf6 9.c4 e6 10.Nc3 Be7 11.O-O Qd8 12.Rab1 a5 13.h3 O-O 14.Bg3 Bb4 15.Bh2 
Ne8 16.Rbd1 Bd6 17.Ne5 Nxe5 18.dxe5 Bb4 19.cxd5 cxd5 20.Nb5 Nc7 21.e4 Nxb5
22.Qxb5 d4 23.Bf4 Bc3 24.Be3 a4 25.bxa4 Ra5 26.Qc4 Qa8 27.Bxd4 Rc8 28.Qb3 
Rxa4 29.Bxc3 Ra3 30.Qb6 Raxc3 31.Rd7 Qxa2 32.Qxb7 Rf8 33.Rfd1 Qa5 34.f4 
Qc5+ 35.Kh1 Qf2 36.Qb4 Rxh3+ 37.gxh3 Qf3+ 38.Kg1 Qg3+ 39.Kf1 Qf3+ 1/2-1/2

[Event "28th Rilton Cup"]
[Site "Stockholm SWE"]
[Date "1998.12.29"]
[Round "2.16"]
[White "Brynell, Stellan"]
[Black "Lindberg, Bengt"]
[Result "1-0"]
[WhiteElo "2485"]
[BlackElo "2305"]
[EventDate "1998.12.28"]
[PlyCount "73"]

1.e4 c5 2.Nf3 e6 3.Nc3 a6 4.g3 Nc6 5.Bg2 Nge7 6.O-O g6 7.d4 cxd4 8.Nxd4 
Bg7 9.Be3 d5 10.exd5 exd5 11.Nxc6 bxc6 12.Bd4 Bxd4 13.Qxd4 O-O 14.Rfe1 Be6
15.Na4 Nf5 16.Qc3 Rb8 17.Rad1 Re8 18.b3 Qe7 19.Bf1 Qa7 20.Qc5 Qc7 21.Bxa6 
h5 22.Bf1 h4 23.Qc3 hxg3 24.hxg3 d4 25.Qd2 c5 26.Bg2 c4 27.Qg5 d3 28.cxd3 
cxb3 29.axb3 Bxb3 30.Rxe8+ Rxe8 31.Rc1 Qa7 32.Nc5 Nd4 33.Nxb3 Nxb3 34.Rf1 
Nd4 35.Bd5 Kg7 36.Kg2 Qc5 37.Rh1 1-0

[Event "28th Rilton Cup"]
[Site "Stockholm SWE"]
[Date "1998.12.29"]
[Round "2.17"]
[White "Gretarsson, Helgi Ass"]
[Black "Carlsson, Mats"]
[Result "1-0"]
[WhiteElo "2480"]
[BlackElo "2305"]
[EventDate "1998.12.28"]
[PlyCount "35"]

1.d4 Nf6 2.c4 g6 3.Nc3 Bg7 4.e4 d6 5.f4 O-O 6.Nf3 c5 7.dxc5 Qa5 8.Bd3 Qxc5
9.Qe2 Nc6 10.Be3 Qh5 11.h3 e5 12.O-O a6 13.Rad1 Re8 14.Qf2 b5 15.cxb5 exf4
16.Bxf4 axb5 17.Bxb5 Bb7 18.Ng5 1-0

[Event "28th Rilton Cup"]
[Site "Stockholm SWE"]
[Date "1998.12.29"]
[Round "2.18"]
[White "Burwick, Malte"]
[Black "Nataf, Igor-Alexandre"]
[Result "0-1"]
[WhiteElo "2265"]
[BlackElo "2485"]
[EventDate "1998.12.28"]
[PlyCount "66"]

1.d4 Nf6 2.c4 g6 3.Nc3 Bg7 4.Bg5 c5 5.d5 b5 6.cxb5 a6 7.bxa6 Bxa6 8.e4 
Bxf1 9.Kxf1 d6 10.h3 O-O 11.Qd2 Nbd7 12.Bh6 Bxh6 13.Qxh6 Qb6 14.Qd2 Rfb8 
15.b3 Qa6+ 16.Nge2 Rxb3 17.Rc1 Rb4 18.f3 Ne5 19.Kg1 Qd3 20.Qxd3 Nxd3 21.
Rd1 Nb2 22.Rd2 Nd7 23.Kh2 Ne5 24.Rc2 Ned3 25.Rb1 Nc4 26.Rg1 Rb7 27.Nb1 
Rxb1 28.Rxb1 Na3 29.Rbb2 Nxc2 30.Rxc2 Nb4 31.Rc1 Rxa2 32.Nf4 Kg7 33.Kg3 g5
0-1

[Event "28th Rilton Cup"]
[Site "Stockholm SWE"]
[Date "1998.12.29"]
[Round "2.22"]
[White "Borge, Nikolaj"]
[Black "Leer-Salvesen, Bjarte"]
[Result "1-0"]
[WhiteElo "2455"]
[BlackElo "2250"]
[EventDate "1998.12.28"]
[PlyCount "61"]

1.e4 e6 2.d4 d5 3.Nd2 Nf6 4.e5 Nfd7 5.Bd3 c5 6.c3 Nc6 7.Ne2 Qb6 8.Nf3 cxd4
9.cxd4 f6 10.exf6 Nxf6 11.O-O Bd6 12.b3 e5 13.dxe5 Nxe5 14.Nxe5 Bxe5 15.
Rb1 O-O 16.Bf4 Bxf4 17.Nxf4 Ng4 18.Nxd5 Qd6 19.g3 Qh6 20.h4 Ne5 21.Be4 Bh3
22.Re1 Kh8 23.Qd4 Qh5 24.Re3 Ng4 25.Rf3 Ne5 26.Rxf8+ Rxf8 27.Nf4 Nf3+ 28.
Bxf3 Qxf3 29.Nxh3 Qf5 30.Re1 Qxh3 31.Re7 1-0

[Event "28th Rilton Cup"]
[Site "Stockholm SWE"]
[Date "1998.12.29"]
[Round "2.26"]
[White "Ornstein, Axel"]
[Black "Hallberg, Fredrik"]
[Result "1-0"]
[WhiteElo "2425"]
[BlackElo "2170"]
[EventDate "1998.12.28"]
[PlyCount "117"]

1.b4 Nf6 2.Bb2 d5 3.e3 Bf5 4.Nf3 e6 5.a3 Nbd7 6.c4 c6 7.cxd5 cxd5 8.Be2 
Bd6 9.d3 e5 10.Nc3 O-O 11.O-O h6 12.e4 Be6 13.Rc1 d4 14.Nb5 Bb8 15.Qc2 Ne8
16.a4 Qb6 17.Nd2 a6 18.Na3 Qxb4 19.Nac4 Qe7 20.Ba3 Nd6 21.a5 Rc8 22.Qb1 
Bxc4 23.Nxc4 Qe6 24.Bxd6 Bxd6 25.Qxb7 Bc5 26.Nxe5 Nxe5 27.Rxc5 Rxc5 28.
Qxa8+ Rc8 29.Qa7 Rc2 30.Bd1 Rd2 31.Qxd4 Rxd3 32.Qb2 Qd6 33.Bb3 Ng4 34.g3 
Ne5 35.Bd5 Qf6 36.Qb6 Nf3+ 37.Kg2 Nh4+ 38.Kh3 Qe7 39.Qb7 Qf6 40.Qxf7+ Qxf7
41.Bxf7+ Kxf7 42.Kxh4 Ra3 43.f4 Rxa5 44.Rc1 Ra4 45.Rc7+ Kg6 46.Rc6+ Kf7 
47.e5 a5 48.Ra6 Ra2 49.h3 a4 50.Kg4 Ra3 51.f5 Ra1 52.Ra7+ Kf8 53.e6 a3 54.
Ra8+ Ke7 55.Rg8 a2 56.Rxg7+ Kf8 57.Ra7 Ke8 58.f6 Rd1 59.Rxa2 1-0

[Event "28th Rilton Cup"]
[Site "Stockholm SWE"]
[Date "1998.12.29"]
[Round "2.33"]
[White "Ulybin, Mikhail"]
[Black "Skytte, Rasmus"]
[Result "1-0"]
[WhiteElo "2555"]
[BlackElo "2215"]
[EventDate "1998.12.28"]
[PlyCount "65"]

1.d4 Nf6 2.c4 c5 3.d5 b5 4.cxb5 a6 5.bxa6 g6 6.Nc3 Bxa6 7.e4 Bxf1 8.Kxf1 
d6 9.Nf3 Bg7 10.g3 Nbd7 11.Kg2 Ng4 12.Nd2 Nge5 13.Qe2 Nb6 14.a4 O-O 15.a5 
Nc8 16.f4 Nd7 17.Nc4 Na7 18.e5 Qc7 19.Re1 dxe5 20.fxe5 e6 21.Bg5 Rfe8 22.
Nd6 exd5 23.Qf3 Nxe5 24.Nxe8 Rxe8 25.Qxd5 Nac6 26.Ne4 Rb8 27.Re2 Nd4 28.
Nf6+ Bxf6 29.Bxf6 Ng4 30.Bxd4 cxd4 31.Qxd4 Qc6+ 32.Kg1 Qf3 33.Rae1 1-0

[Event "28th Rilton Cup"]
[Site "Stockholm SWE"]
[Date "1998.12.30"]
[Round "3.7"]
[White "Conquest, Stuart"]
[Black "Bator, Robert"]
[Result "1-0"]
[WhiteElo "2490"]
[BlackElo "2410"]
[EventDate "1998.12.28"]
[PlyCount "84"]

1.d4 Nf6 2.Nf3 c5 3.d5 b5 4.Bg5 Ne4 5.Bf4 Qa5+ 6.Nbd2 e6 7.c3 Nxd2 8.Qxd2 
Be7 9.e4 O-O 10.Bd3 f6 11.O-O e5 12.Be3 Bd6 13.Nh4 g6 14.f4 exf4 15.Bxf4 
c4 16.Bc2 Bxf4 17.Qxf4 Qb6+ 18.Kh1 d6 19.Qg3 Qc7 20.Rae1 a6 21.Nf5 Bxf5 
22.exf5 g5 23.Re6 Nd7 24.Rxd6 Ne5 25.Re6 Rad8 26.Be4 Rd6 27.Qh3 Rfd8 28.
Re1 Qf7 29.g3 h5 30.Qg2 Kg7 31.h4 g4 32.Qd2 Qc7 33.Qf4 Rxe6 34.fxe6 Qe7 
35.Rf1 Rf8 36.Qf5 Rh8 37.d6 Qd8 38.d7 Qe7 39.Rd1 Nd3 40.Bxd3 cxd3 41.Rxd3 
Rd8 42.Re3 Rxd7 1-0